UBT Library

Pharmacology an introduction: (Record no. 2432)

000 -LEADER
fixed length control field 00318nam a22001337a 4500
008 - FIXED-LENGTH DATA ELEMENTS--GENERAL INFORMATION
fixed length control field 160526b xxu||||| |||| 00| 0 eng d
020 ## - INTERNATIONAL STANDARD BOOK NUMBER
International Standard Book Number 9780073122755
020 ## - INTERNATIONAL STANDARD BOOK NUMBER
International Standard Book Number 9780073122755
020 ## - INTERNATIONAL STANDARD BOOK NUMBER
International Standard Book Number 0073122755
041 ## - LANGUAGE CODE
Language code of text/sound track or separate title eng
080 ## - UNIVERSAL DECIMAL CLASSIFICATION NUMBER
Universal Decimal Classification number 615
245 ## - TITLE STATEMENT
Title Pharmacology an introduction:
Statement of responsibility, etc Hitner Nagle;
942 ## - ADDED ENTRY ELEMENTS (KOHA)
Source of classification or shelving scheme
Item type Books
Holdings
Withdrawn status Lost status Source of classification or shelving scheme Damaged status Not for loan Collection code Permanent location Current location Shelving location Date acquired Total Checkouts Full call number Barcode Date last seen Price effective from Koha item type
          Koleksioni i përgjithshem UBT - Lipjan UBT - Lipjan Koleksioni i përgjithshem 05/26/2016   615 NAG 002-035848 02/20/2017 05/26/2016 Books
UBT Library © 2015-2024. All rights reserved University Education for Business and Technology